Estadísticas para Comunas de la Región de Valparaíso

Haz click aquí para intentar la prueba.

Estadísticas generales

  • Esta prueba ha sido intentada 30 veces
  • La puntuación promedio es 24 de 38

Estadísticas de respuestas

Comunas% Correcto
Los AndesLos Andes
100%
QuillotaQuillota
100%
San AntonioSan Antonio
100%
San Felipe de AconcaguaSan Felipe
100%
ValparaísoValparaíso
100%
Marga MargaVilla Alemana
100%
ValparaísoViña del Mar
100%
Isla de PascuaIsla de Pascua
86%
PetorcaPetorca
86%
San AntonioAlgarrobo
71%
ValparaísoCasablanca
71%
ValparaísoConcón
71%
QuillotaLa Calera
71%
Marga MargaLimache
71%
Marga MargaQuilpué
71%
PetorcaCabildo
57%
Los AndesCalle Larga
57%
San AntonioCartagena
57%
San AntonioEl Quisco
57%
San AntonioEl Tabo
57%
PetorcaLa Ligua
57%
QuillotaNogales
57%
Marga MargaOlmué
57%
PetorcaPapudo
57%
ValparaísoPuchuncaví
57%
ValparaísoQuintero
57%
Los AndesSan Esteban
57%
San AntonioSanto Domingo
57%
San Felipe de AconcaguaCatemu
43%
ValparaísoJuan Fernández
43%
San Felipe de AconcaguaLlay-Llay
43%
San Felipe de AconcaguaPanquehue
43%
San Felipe de AconcaguaPutaendo
43%
Los AndesRinconada
43%
San Felipe de AconcaguaSanta María
43%
PetorcaZapallar
43%
QuillotaLa Cruz
29%
QuillotaHijuelas
14%

Distribución de puntuación

Porcentaje por número respondido

Porcentaje de gente con cada puntuación

Historial de tus puntuaciones

No has intentado esta prueba.